000 01141nam a2200253 i 4500
001 31886
003 ES-MaACL
005 20250918001340.0
007 t|
008 030130s1903 fr ||||1| fre d
100 1 _aBédier, Joseph,
_d1864-1938
_926997
245 1 0 _aÉtudes critiques
_b: le texte des 'Tragiques' d'Agrippa d'Aubigné : établissement d'un texte critique de 'L'Entretien de Pascal avec M. de Saci' : le 'Paradoxe sur le comédien' est-il de Diderot ? : Un fragment inconnu d'André Chénier : Chateaubriand en Amérique, vérité et fiction /
_cJoseph Bédier.
260 _aParis :
_bA. Colin,
_c1903.
300 _aXII, 294 p. :
_bil. facsímiles ;
_c19 cm.
600 1 4 _aAubigné, Agrippa d'.
_9160467
600 0 4 _aChénier, André.
_938343
600 1 4 _aPascal, Blaise,
_d1623-1662
_989307
600 1 4 _aLemaistre de Sacy, Isaac,
_d1613-1684
_971451
600 1 4 _aDiderot, Denis,
_d1713-1784
_944511
600 1 4 _aChateaubriand, François-René,
_cvicomte de,
_d1768-1848
_938177
650 4 _aLiteratura francesa-
_xHistoria y crítica
_914586
852 _aES-MaACL
_jF-4779
999 _c31886
_d31886